|
|
|
|
| LEADER |
00000cam a2200000 a 4500 |
| 001 |
1/106979 |
| 008 |
150616m19751976gr | ||| |||| ||gre|| |
| 040 |
|
|
|a GR-MyUa
|b gre
|c GR-MyUa
|e AACR2
|
| 041 |
0 |
|
|a gre
|
| 082 |
7 |
|
|a 515.1
|2 (23)
|
| 100 |
1 |
|
|a Φρεντίνου-Νικολακοπούλου, Άννα.
|
| 245 |
1 |
0 |
|a Στοιχεία μαθηματικής αναλύσεως /
|c Άννα Φερεντίνου-Νικολακοπούλου ; Βάσος Χ. Σαββαϊδης.
|
| 260 |
|
|
|a Αθήνα :
|b [χ.ό],
|c 1975-1976
|
| 300 |
|
|
|a 2τ. (ιε΄, 278, ι΄, 327 σ.) :
|b σχέδια ;
|c 24 εκ.
|
| 505 |
8 |
|
|a τ.1. Συναρτήσεις, ακολουθίες, όρια συναρτήσεων συνέχεια
|
| 505 |
8 |
|
|a τ.2. Παραγώγιση, ολοκλήρωση, σειρές και απειρογινόμενα
|
| 650 |
|
0 |
|a Mathematical analysis.
|
| 650 |
|
0 |
|a Functions.
|
| 650 |
|
0 |
|a Integrals.
|
| 700 |
1 |
|
|a Σαββαϊδης, Βάσος Χ. .
|
| 740 |
0 |
|
|a Συναρτήσεις, ακολουθίες, όρια συναρτήσεων συνέχεια
|
| 740 |
0 |
|
|a Παραγώγιση, ολοκλήρωση, σειρές και απειρογινόμενα
|
| 852 |
|
|
|a INST
|b SAMOS
|c MAG
|e 20150616
|h 515.1 ΦΡΕ
|p 005300035468
|q 005300035468
|t BK
|v τομ.2:
|y 0
|
| 852 |
|
|
|a INST
|b SAMOS
|c MAG
|e 20150617
|h 515.1 ΦΡΕ
|p 005300035668
|q 005300035668
|t BK
|v τομ.1:
|y 0
|
| 853 |
|
|
|a INST
|b SAMOS
|c MAG
|h 515.1 ΦΡΕ
|
| 970 |
|
|
|a Σιτζίμη
|b Γιασεμή
|z 16/06/2015
|